<?xml version="1.0" encoding="UTF-8"?>
<record
    xmlns:xsi="http://www.w3.org/2001/XMLSchema-instance"
    xsi:schemaLocation="http://www.loc.gov/MARC21/slim http://www.loc.gov/standards/marcxml/schema/MARC21slim.xsd"
    xmlns="http://www.loc.gov/MARC21/slim">

  <leader>01806    a2200229   4500</leader>
  <controlfield tag="001">39345</controlfield>
  <controlfield tag="005">20260407155652.0</controlfield>
  <controlfield tag="008">260407a1970    arg                 spa d</controlfield>
  <controlfield tag="003">AR-UNSa-BCEJYS</controlfield>
  <datafield tag="040" ind1=" " ind2=" ">
    <subfield code="a">AR-UNSa-BCEJYS</subfield>
    <subfield code="b">spa</subfield>
    <subfield code="c">AR-UNSa-BCEJYS</subfield>
  </datafield>
  <datafield tag="080" ind1=" " ind2=" ">
    <subfield code="a">614.2</subfield>
    <subfield code="x">Organizaci&#xF3;n p&#xFA;blica y profesional de la sanidad</subfield>
  </datafield>
  <datafield tag="245" ind1="1" ind2="0">
    <subfield code="a">Direcci&#xF3;n y organizaciones de cl&#xED;nicas y hospitales</subfield>
    <subfield code="p">una guia para el desarrollo de los sistemas dedirecci&#xF3;n de cl&#xED;nicas y hospitales</subfield>
  </datafield>
  <datafield tag="264" ind1=" " ind2="1">
    <subfield code="a">Madrid :</subfield>
    <subfield code="b">Iberico Europea de Ediciones</subfield>
    <subfield code="c">1970</subfield>
  </datafield>
  <datafield tag="300" ind1=" " ind2=" ">
    <subfield code="a">555 p.</subfield>
    <subfield code="c">22 cm.</subfield>
  </datafield>
  <datafield tag="505" ind1=" " ind2=" ">
    <subfield code="a">1. Introducci&#xF3;n - 2. El papel de la tradici&#xF3;n - 3. El tema de la singularidad - 4. El movimiento de mejora de los m&#xE9;todos - 5. Ense&#xF1;anza y aplicaci&#xF3;n - 6. Establecimiento del programa de organizaci&#xF3;n - 7. Actividades de servicios - 8. Actividades educativas - 9. Actividades de investigaci&#xF3;n - 10. Problemas de direcci&#xF3;n y estudios de organizaci&#xF3;n industrial - 11. Mejora de m&#xE9;todos - 12. Control de flujo de informaci&#xF3;n - 13. Medici&#xF3;n del trabajo humano - 14. Aplicaci&#xF3;n de tiempos standard - 15. Muestreo de las actividades de hospital - 16. An&#xE1;lisis y valoraci&#xF3;n de tareas - 17. Motivaci&#xF3;n y retribuci&#xF3;n del empleo - 18. Acerca de la variabilidad - 19. Previsi&#xF3;n dwe necesidades futuras - 20. Planificaci&#xF3;n y control - 21. Lineas de espera y densidad de flujo - 22. Dise&#xF1;o de instalaciones y utilizaci&#xF3;n del espacio - 23. Evaluaci&#xF3;n econ&#xF3;mica y de costos - 24. Asignaci&#xF3;n de recursos - 25. Proceso autom&#xE1;tico ed datos - 26. Decisiones de gesti&#xF3;n.</subfield>
  </datafield>
  <datafield tag="041" ind1=" " ind2=" ">
    <subfield code="a">spa</subfield>
  </datafield>
  <datafield tag="942" ind1=" " ind2=" ">
    <subfield code="c">BK</subfield>
  </datafield>
  <datafield tag="590" ind1=" " ind2=" ">
    <subfield code="a">niveau_biblio:m niveau_hierar:0</subfield>
  </datafield>
  <datafield tag="100" ind1="1" ind2=" ">
    <subfield code="a">Smalley, Harold E.</subfield>
  </datafield>
  <datafield tag="700" ind1="1" ind2=" ">
    <subfield code="a">Freeman, Johon R.</subfield>
  </datafield>
  <datafield tag="856" ind1="4" ind2="1">
    <subfield code="u">https://biblioeco.unsa.edu.ar/pmb/images/libros/L24296.jpg</subfield>
    <subfield code="y">Imagen de portada</subfield>
    <subfield code="q">image/jpeg</subfield>
  </datafield>
  <datafield tag="999" ind1=" " ind2=" ">
    <subfield code="c">3025</subfield>
    <subfield code="d">3025</subfield>
  </datafield>
  <datafield tag="952" ind1=" " ind2=" ">
    <subfield code="0">0</subfield>
    <subfield code="1">0</subfield>
    <subfield code="4">0</subfield>
    <subfield code="7">0</subfield>
    <subfield code="a">BCEJYS</subfield>
    <subfield code="b">BCEJYS</subfield>
    <subfield code="c">16</subfield>
    <subfield code="d">2026-04-07</subfield>
    <subfield code="l">0</subfield>
    <subfield code="o">614.2 S635</subfield>
    <subfield code="p">L24297</subfield>
    <subfield code="r">2026-04-07 15:56:52</subfield>
    <subfield code="w">2026-04-07</subfield>
    <subfield code="y">L</subfield>
  </datafield>
  <datafield tag="952" ind1=" " ind2=" ">
    <subfield code="0">0</subfield>
    <subfield code="1">0</subfield>
    <subfield code="4">0</subfield>
    <subfield code="7">0</subfield>
    <subfield code="a">BCEJYS</subfield>
    <subfield code="b">BCEJYS</subfield>
    <subfield code="c">16</subfield>
    <subfield code="d">2026-04-07</subfield>
    <subfield code="l">0</subfield>
    <subfield code="o">614.2 S635</subfield>
    <subfield code="p">L24296</subfield>
    <subfield code="r">2026-04-07 15:56:52</subfield>
    <subfield code="w">2026-04-07</subfield>
    <subfield code="y">L</subfield>
  </datafield>
</record>
